000 01847cam a22004814i 4500
003 PE-LiUPU
005 20250731173152.0
008 150623s1993 ilu rb 000 0 spa d
020 _a0825414008
035 _a(Sirsi) i9780825414008
040 _aPE-LiUPU
_bspa
_cPE-LiUPU
_erda
049 _aPRUA
082 0 4 _a220.7
_bCBP
_221
100 1 _aKaiser, Walter C., Jr.,
_eautor.
245 1 0 _aEclesiastés :
_bLa Vida Total.
_n21 /
_cWalter C. Kaiser Jr.
264 1 _aChicago, IL :
_bPortavoz,
_c1993.
300 _a124 páginas ;
_c18 centímetros.
336 _atext
_2rdacontent
337 _aunmediated
_2rdamedia
338 _avolume
_2rdacarrier
490 0 _aComentario biblico Portavoz ;
_v21
504 _aIncluye bibliografía.
505 0 _aEl goce de la vida como don de Dios (1:1-2:26). - La comprensión del plan global de Dios (3:1-5:20). - La explicación y aplicación del plan de Dios (6:1-8:15). - Eliminación de desalientos y aplicación del plan de Dios a la vida de los creyentes (8:16-12:14).
526 _aSEG42
526 _aSEG41
526 _aSEG40
526 _aSEG39
526 _aP94
526 _aP87
526 _aP86
526 _aP85
526 _aP77
526 _aP76
526 _aP35
541 _g000140413.50;
630 _aBiblia.
_pA.T.
_pEclesiastés
_xComentarios.
700 1 _aEscuain, Santiago,
_etr.
942 _2ddc
_cBOOK
949 _a220.7 CBP 21
_wDEWEY
_c1
_i55010
_d2015-11-23
_e2015-11-19
_lCCODEBUL1
_mBUL
_n3
_r0
_sY
_tBOOK
_u2015-6-24
_xTEOLOGIA
_PP35
_0COMPRA
_o.STAFF. Colección Teología
994 _aC0
_bPEPRU
596 _a1
999 _a220.7 CBP 21
_wDEWEY
_c35476
_i55010
_d35476
_e2017-10-5
_f2021-11-9
_g5
_lCCODEBUL1
_mBUL
_n5
_p20.00
_r0
_sY
_tBOOK
_u2015-6-24
_xTEOLOGIA
_PP35
_0COMPRA
_o.STAFF. Colección Teología
980 _81
_gALBERTO SANCHEZ Responsable de Automatización